Án lệ và sử dụng án lệ trong đào tạo luật ở Việt Nam hiện nay : Sách chuyên khảo

Nội dung sách nghiên cứu các vấn đề về án lệ ở các nước thuộc hệ thống thông luật, hệ thống dân luật và ở Việt Nam. Trình bày cơ sở lý luận và pháp lý của việc sử dụng án lệ trong đào tạo luật ở Việt Nam. Khảo cứu thực tiễ...

Volledige beschrijving

Bewaard in:
Bibliografische gegevens
Hoofdauteur: Nguyễn Bá Bình (Chủ biên)
Coauteur: Nguyễn Hùng Cường
Andere auteurs: Hoàng Xuân Châu
Formaat: Boek
Taal:Vietnamese
Gepubliceerd in: H. Tư pháp 2019
Onderwerpen:
Tags: Voeg label toe
Geen labels, Wees de eerste die dit record labelt!
Thư viện lưu trữ: Thư viện Trường Đại học Nam Cần Thơ
LEADER 01970nam a2200241 4500
001 NCT_91941
008 211018b xxu||||| |||| 00| 0 vie d
999 |c 4543  |d 4543 
020 |a 9786048115197  |c 110000 
082 0 4 |2 23rd ed.  |a 340.071  |b B312 
100 1 |a Nguyễn Bá Bình  |e Chủ biên 
245 1 0 |a Án lệ và sử dụng án lệ trong đào tạo luật ở Việt Nam hiện nay :  |b Sách chuyên khảo  |c Nguyễn Bá Bình (Chủ biên) ; Hoàng Xuân Châu, Nguyễn Hùng Cường...[et al.] 
260 |a H.  |b Tư pháp  |c 2019 
300 |a 315 tr.  |c 21cm 
520 3 |a Nội dung sách nghiên cứu các vấn đề về án lệ ở các nước thuộc hệ thống thông luật, hệ thống dân luật và ở Việt Nam. Trình bày cơ sở lý luận và pháp lý của việc sử dụng án lệ trong đào tạo luật ở Việt Nam. Khảo cứu thực tiễn sử dụng án lệ trong đào tạo luật trên thế giới và Việt Nam cùng các giải pháp đối với việc sử dụng án lệ trong hoạt động đào tạo luật ở các cơ sở đào tạo luật tại Việt Nam. 
653 |a Luật học 
700 1 |a Hoàng Xuân Châu 
710 |a Nguyễn Hùng Cường 
942 |2 ddc  |c BK 
952 |0 0  |1 0  |2 ddc  |4 0  |6 340_071000000000000_B312  |7 0  |9 21598  |a 000001  |b 000001  |d 2021-10-18  |o 340.071 B312  |p MD.18832  |r 2021-10-18  |v 110000.00  |w 2021-10-18  |y BK 
952 |0 0  |1 0  |2 ddc  |4 0  |6 340_071000000000000_B312  |7 0  |9 21599  |a 000001  |b 000001  |d 2021-10-18  |l 1  |o 340.071 B312  |p MD.18833  |q 2022-03-07  |r 2022-02-21  |s 2022-02-21  |v 110000.00  |w 2021-10-18  |y BK 
952 |0 0  |1 0  |2 ddc  |4 0  |6 340_071000000000000_B312  |7 0  |9 21600  |a 000001  |b 000001  |d 2021-10-18  |o 340.071 B312  |p MD.18834  |r 2021-10-18  |v 110000.00  |w 2021-10-18  |y BK 
980 |a Thư viện Trường Đại học Nam Cần Thơ